000 00794nam a22002417a 4500
005 20170124110212.0
010 _aB-157281
020 _c00.00
_a9780070587762
035 _aB-157281
037 _bCen Lib/Ret
040 _aDPL
_bEN
082 _a005.7565
_bGAR
100 _aGarmany, John
_938364
245 _aOrcale application server 10g administration handbook /
_cby John Garmany [and] Donald K. Burleson
260 _aNew Delhi
_bTata McGraw Hill
_c2004
270 _a7, West Patel Nagar
_bNew Delhi
_e110008
300 _axvii,382p. :
_c23cm(pbk)
_bill.
500 _aIncludes index
650 _aOracle (Computer file)
_938365
650 _aApplication software--Development
_936689
700 _9474
_aBurleson, Donald K.
942 _2ddc
_cEN
_h005.7565
_mGAR
999 _c133590
_d133590